000 00292nam a22001337a 4500
008 171019b xxu||||| |||| 00| 0 eng d
020 _a070993008956
041 _aeng
080 _a338
100 _a54
101 _aMEN
245 _aTHE ORGANIZED EXECUTIVE
_cWINSTON,S
942 _2udc
_cBK
999 _c35014
_d35014